Strong Acids and Bases - Statistics

General Stats
  • This quiz has been taken 627 times
  • The average score is 8 of 15
Answer Stats
Hint Answer % Correct
Strong Acid Hydrochloric acid
96%
Strong Acid Hydrobromic acid
75%
Strong Acid Hydroiodic acid
75%
Strong Acid Nitric acid
70%
Strong Base Sodium hydroxide
64%
Strong Acid Hydrosulfuric acid
61%
Strong Acid Perchloric acid
61%
Strong Base Lithium hydroxide
52%
Strong Acid Chloric acid
50%
Strong Base Potassium hydroxide
49%
Strong Base Barium hydroxide
36%
Strong Base Calcium hydroxide
35%
Strong Base Cesium hydroxide
35%
Strong Base Rubidium hydroxide
32%
Strong Base Strontium hydroxide
31%
No matching quizzes found
Score Distribution
Percent of People with Each Score
Percentile by Number Answered
Your Score History
You have not taken this quiz